000 00543nas a22001697a 4500
999 _c1229
_d1229
008 130307t20009999ag ||||| |||| 00| 0 spa d
022 _a0327-7534
245 _aPediatrics in Review
250 _aEdicion en español
260 _aBuenos Aires:
_bAsociacion Civil de Investigacion y Desarrollo en Salud,
_c2000
300 _av. :
546 _aespañol
590 _aIndizada en Latindex
590 _aExistencias: 2000 21(1-10); 2001 22(1-10); 2002 23(4) BAJA DEPOSITO (CAJA 22) MAYO 2019
650 _aPEDIATRIA
_91741
942 _2ddc
_cCR